1500 1810 1091 1473 1888 1277 1988 1698 1541 1173 1089 1288 1392 1755 1784 1772 1430 1172 1407 1871 1695 1489 1622 1309 1788 1746 1485 1577 1005 1696 1752 1073 1047 1704 1891 1749 1724 1267 1424 1508 1058 1088 1288 1420 1998 1082 1584 1931 1401 1086 1210 1877 1072 1278 1720 1709 1041 1321 1462 1624 1859 1208 1863 1073 1775 1555 1995 1919 1576 1564 1985 1074 1069 1355 1137 1992 1685 1438 1340 1811 1670 1099 1798 1731 1215 1670 1568 1224 1139 1169 1558 1273 1361 1791 1222 1817 1968 1556 1935 BCNSPRNW ULIB Ver.6.0+V

เปลี่ยนเป็นภาษาไทย

Change to English
 แสดงรายละเอียดบรรณานุกรม
  กลับหน้าหลัก

Brief Record : Get Marc (ISO 2709) : E-mail record : QR code < ปิดหน้าต่าง
LEADER : 00000nas 2200000uu 4500
001    13399122482
003     ULIB
008    130704s||||||||th 000 0 tha d
022 0  1685-1414
110 1  มหาวิทยาลัยคริสเตียน
245 00 วารสารมหาวิทยาลัยคริสเตียน
310    ^aรายสี่เดือน
850 ^a ULIB^bปีที่ 18 ฉบับที่ 1 ;ปีที่ 18 ฉบับที่ 2 ;ปีที่ 18 ฉบับที่ 3 ;ปีที่ 1 ฉบับที่ 1 ฉ.1 ;ปีที่ 1 ฉบับที่ 2 ฉ.1 ;ปีที่ 20 ฉบับที่ 3 ฉ.1 ;ปีที่ 21 ฉบับที่ 1 ฉ.1
945    ^p0^l0^i901416
945    ^p0^l0^i901417
945    ^p0^l0^i901418
945    ^p0^l0^i902989
945    ^p0^l0^i904379
945    ^p0^l0^i904434
945    ^p0^l0^i904436
999    ^aเกษร โพธิ์สุวรรณ
รายการนี้ยังไม่มีแท็ก
คุณยังไม่ได้ล็อกอิน คุณสามารถมีกิจกรรมร่วมกับเว็บไซต์ได้ แต่ต้องล็อกอินก่อน ::
  ล็อกอิน

รายการสื่อสารสนเทศ (วารสาร)

ดูแบบ: กล่อง รายการ
ARRIVED
ปีที่ 18 ฉบับที่ 1
สถานที่: ห้องสมุดวิทยาเขตสวรรค์ประชารักษ์ >วารสาร
ARRIVED
ปีที่ 18 ฉบับที่ 2
สถานที่: ห้องสมุดวิทยาเขตสวรรค์ประชารักษ์ >วารสาร
ARRIVED
ปีที่ 18 ฉบับที่ 3
สถานที่: ห้องสมุดวิทยาเขตสวรรค์ประชารักษ์ >วารสาร
ARRIVED
ปีที่ 1 ฉบับที่ 2 ฉ.1
สถานที่: ห้องสมุดวิทยาเขตสวรรค์ประชารักษ์ >หนังสือพิมพ์
ARRIVED
ปีที่ 20 ฉบับที่ 3 ฉ.1
สถานที่: ห้องสมุดวิทยาเขตสวรรค์ประชารักษ์ >หนังสือพิมพ์
ARRIVED
ปีที่ 1 ฉบับที่ 1 ฉ.1
สถานที่: ห้องสมุดวิทยาเขตสวรรค์ประชารักษ์ >หนังสือพิมพ์
ARRIVED
ปีที่ 21 ฉบับที่ 1 ฉ.1
สถานที่: ห้องสมุดวิทยาเขตสวรรค์ประชารักษ์ >หนังสือพิมพ์

BibComment


ยังไม่เคยถูกคอมเมนท์

คอมเมนท์ทรัพยากรรายการนี้
  คอมเมนท์: วารสารมหาวิทยาลัย..


 Copyright 2026. Bcnsprnw @Library